| 000 | 00481nam a22002051a 4500 | ||
|---|---|---|---|
| 001 | 1206 | ||
| 003 | OSt | ||
| 005 | 20260204211725.0 | ||
| 008 | 040117s1992||||sp ||||||b||||||||||spa|| | ||
| 020 | _a9580411514 | ||
| 050 | _a302.224 N311v | ||
| 082 | _a302.224 N311v | ||
| 100 | _aNeggers, Gladys | ||
| 245 | _aVocabulario culto / Gladys Neggers | ||
| 264 | _aEspaña: Norma | ||
| 300 | _a174 p. | ||
| 500 | _aIncluye indice | ||
| 650 | _a1.ComunicaciónÌ | ||
| 942 |
_2ddc _cBK |
||
| 999 |
_c1206 _d1206 |
||